El coste social de la crisis económica española y las líneas básicas de una política de recuperación / (Record no. 108620)

MARC details
000 -LEADER
campo de control de longitud fija 00845nam a2200205 4500
001 - NÚMERO DE CONTROL
campo de control 108620
003 - IDENTIFICADOR DE NÚMERO DE CONTROL
campo de control ES-MaACL
005 - FECHA Y HORA DE LA ÚLTIMA TRANSACCIÓN
campo de control 20230906184656.0
007 - CAMPO FIJO DE DESCRIPCIÓN FÍSICA--INFORMACIÓN GENERAL
campo de control de longitud fija t|
008 - DATOS DE LONGITUD FIJA--INFORMACIÓN GENERAL
campo de control de longitud fija 061121s1983 sp r ||||1| spa d
245 03 - MENCIÓN DEL TÍTULO
Título El coste social de la crisis económica española y las líneas básicas de una política de recuperación /
Mención de responsabilidad, etc. por Manuel A. Blanco Losada ... [et al.] ; coordinador, Alberto Monreal Luque.
260 ## - PUBLICACIÓN, DISTRIBUCIÓN, ETC.
Lugar de publicación, distribución, etc. Madrid :
Nombre del editor, distribuidor, etc. Fundación Humanismo y Democracia,
Fecha de publicación, distribución, etc. 1983.
300 ## - DESCRIPCIÓN FÍSICA
Extensión 165 p. ;
Dimensiones 21 cm.
651 #4 - PUNTO DE ACCESO ADICIONAL DE MATERIA--NOMBRE GEOGRÁFICO
Nombre geográfico España-
Subdivisión general Situación económica-
Subdivisión cronológica 1982-1996.
9 (RLIN) 148280
651 #4 - PUNTO DE ACCESO ADICIONAL DE MATERIA--NOMBRE GEOGRÁFICO
Nombre geográfico España-
Subdivisión general Política económica-
Subdivisión cronológica 1982-1996.
9 (RLIN) 8410
700 1# - ENTRADA AGREGADA--NOMBRE PERSONAL
Nombre de persona Monreal Luque, Alberto.
9 (RLIN) 148281
700 1# - ENTRADA AGREGADA--NOMBRE PERSONAL
Nombre de persona Blanco Losada, Manuel Alejandro.
9 (RLIN) 148282
710 0# - ENTRADA AGREGADA--NOMBRE DE ENTIDAD CORPORATIVA
Nombre de entidad corporativa o nombre de jurisdicción como elemento de entrada Fundación Humanismo y Democracia.
9 (RLIN) 4320
852 ## - LOCALIZACIÓN
Ubicación ES-MaACL
Número de control de estantería L-5293
Sublocalización o colección R.105785
Holdings
Estatus retirado Estado de pérdida Estado de daño No para préstamo Biblioteca de origen Biblioteca actual Ubicación en estantería Fecha de adquisición Fuente de adquisición Total de préstamos Signatura topográfica completa Código de barras Visto por última vez Precio de reemplazo Tipo de ítem Koha
        Biblioteca del Ateneo de Madrid Biblioteca del Ateneo de Madrid Depósito 2 17/01/2008     L-5293 1113339 23/02/2023 23/02/2023 Libro impreso